[Event "GER-chT U16"]
[Site "Naumburg"]
[Date "2012.12.28"]
[Round "4"]
[White "Wiewesiek, Timo"]
[Black "Vonhoff, Nils"]
[Result "0-1"]
[WhiteElo "1703"]
[BlackElo "1833"]
[PlyCount "80"]
[EventDate "2012.12.27"]
[EventType "team-swiss"]
[EventRounds "7"]
[EventCountry "GER"]
[SourceTitle "EXT 2014"]
[Source "ChessBase"]
[SourceDate "2013.11.20"]
[SourceVersion "1"]
[SourceVersionDate "2013.11.20"]
[SourceQuality "1"]
[WhiteTeam "Darmstadt Schachforum"]
[BlackTeam "Lingen"]
[WhiteTeamCountry "GER"]
[BlackTeamCountry "GER"]

1. e4 c5 2. Nc3 Nc6 3. Bb5 g6 4. Bxc6 bxc6 5. f4 Bg7 6. Nf3 Nh6 7. 0-0 0-0 8. d3 Rb8 9. Qe1 d6 10. Rb1 Qc7 11. Bd2 f6 12. Qg3 Nf7 13. h4 Qd7 14. Nh2 f5 15. h5 gxh5 16. Qh4 Nh6 17. Qxh5 Qe6 18. b3 Bd7 19. Nf3 Be8 20. Qh3 Ng4 21. Ng5 Qg6 22. Ne2 Bd7 23. Qg3 h6 24. exf5 Bxf5 25. Nf3 Bc8 26. Bc3 Rf7 27. Rbe1 Qh5 28. Nh2 Kh7 29. Rf3 Bf5 30. Ref1 Rg8 31. Qh3 Qg6 32. Rg3 Qe6 33. Qh5 Nxh2 34. Kxh2 Bxc3 35. Rxg8 Kxg8 36. Nxc3 d5 37. Rf3 Rg7 38. Rf1 Kh7 39. Ne2 Bg4 40. f5 Qxe2 0-1

[Event "Guernsey op 38th"]
[Site "Guernsey"]
[Date "2012.10.24"]
[Round "4"]
[White "Rowe, Peter"]
[Black "Vonhoff, Nils"]
[Result "0-1"]
[WhiteElo "1986"]
[BlackElo "1777"]
[PlyCount "118"]
[EventDate "2012.10.21"]
[EventType "swiss"]
[EventRounds "7"]
[EventCountry "GCI"]
[SourceTitle "EXT 2013"]
[Source "ChessBase"]
[SourceDate "2012.11.22"]
[SourceVersion "1"]
[SourceVersionDate "2012.11.22"]
[SourceQuality "1"]

1. d4 d5 2. Nf3 Nf6 3. Bf4 c6 4. c3 g6 5. Nbd2 Bg7 6. h3 Nbd7 7. e3 0-0 8. Be2 a5 9. a4 e6 10. 0-0 b6 11. Rc1 Re8 12. Ne5 Bb7 13. c4 Bf8 14. Bg5 Be7 15. cxd5 Nxe5 16. dxe5 Nxd5 17. Bxe7 Rxe7 18. Nc4 Ba6 19. Nd6 Bxe2 20. Qxe2 Nb4 21. Rfd1 Rd7 22. Ne4 Rxd1+ 23. Rxd1 Qc7 24. Nf6+ Kg7 25. f4 Qe7 26. Rd7 Qf8 27. Ne4 Rd8 28. Rb7 Rb8 29. Rd7 Rd8 30. Rb7 Rb8 31. Rxb8 Qxb8 32. Nd6 Qd8 33. Qd2 Kf8 34. Qc3 Ke7 35. Qe1 Kf8 36. Qg3 h6 37. Kh2 Qe7 38. e4 c5 39. h4 Nc6 40. Kh3 Nd4 41. Qd3 g5 42. Qa6 f5 43. Qc8+ Kg7 44. Ne8+ Kg6 45. g3 gxf4 46. gxf4 Ne2 47. Nf6 Nxf4+ 48. Kh2 fxe4 49. Qg8+ Kf5 50. Qh8 Qf7 51. Qxh6 Qg6 52. Qxg6+ Nxg6 53. Nd7 Nxh4 54. Nxb6 Nf3+ 55. Kg3 Nxe5 56. Nc8 Nc4 57. b3 Nd2 58. Nd6+ Ke5 59. Nb5 Nxb3 0-1